[Event "XXVIII Olimpiadi"]
[Site "Salonicco GRE"]
[Date "1988.11.23"]
[Round "10.3"]
[White "Prasad, Devaki V."]
[Black "Arlandi, Ennio"]
[Result "0-1"]
[WhiteElo "2375"]
[BlackElo "2405"]
[Annotator "ITA-IND"]
[PlyCount "62"]
[EventDate "1988.11.13"]

1. e4 e5 2. Nf3 Nf6 3. d4 Nxe4 4. Bd3 d5 5. Nxe5 Nd7 6. Nxd7 Bxd7 7. O-O Nf6 8.
c4 Be6 9. c5 g6 10. Qa4+ Qd7 11. Qb3 c6 12. Bf4 Nh5 13. Be5 f6 14. Bg3 Nxg3 15.
hxg3 Bg7 16. f4 O-O 17. Nd2 Rae8 18. Rae1 Bg4 19. Kf2 f5 20. Qc3 Bf6 21. Nb3
Qg7 22. Re5 g5 23. Rfe1 Bxe5 24. dxe5 gxf4 25. gxf4 Qh6 26. Qd2 Re6 27. Kg1 Qh5
28. Nd4 Rh6 29. e6 Qh2+ 30. Kf2 Bh3 31. Rg1 Rg6 0-1

[Event "XXVIII Olimpiadi"]
[Site "Salonicco GRE"]
[Date "1988.11.25"]
[Round "11.2"]
[White "Rodriguez Vargas, Orestes"]
[Black "Braga, Fernando Alberto"]
[Result "1/2-1/2"]
[WhiteElo "2445"]
[BlackElo "2430"]
[Annotator "ITA-PER"]
[PlyCount "23"]
[EventDate "1988.11.13"]

1. d4 Nf6 2. c4 c5 3. d5 e5 4. Nc3 d6 5. e4 Be7 6. g3 Na6 7. Bg2 Nc7 8. f4 exf4
9. Bxf4 Nd7 10. Nf3 g5 11. Be3 g4 12. Nd2 1/2-1/2

[Event "XXVIII Olimpiadi"]
[Site "Salonicco GRE"]
[Date "1988.11.25"]
[Round "11.4"]
[White "Urday Caceres, Henry"]
[Black "Tatai, Stefano"]
[Result "1/2-1/2"]
[WhiteElo "2430"]
[BlackElo "2365"]
[Annotator "ITA-PER"]
[PlyCount "28"]
[EventDate "1988.11.13"]

1. e4 c5 2. Nf3 d6 3. d4 cxd4 4. Nxd4 Nf6 5. Nc3 a6 6. Be2 e5 7. Nb3 Be7 8. O-O
O-O 9. Be3 Be6 10. a4 Nbd7 11. Qd2 Qc7 12. Rfd1 Rfc8 13. a5 Bc4 14. Bf3 b5
1/2-1/2

[Event "XXVIII Olimpiadi"]
[Site "Salonicco GRE"]
[Date "1988.11.26"]
[Round "12.1"]
[White "Hjartarson, Johann"]
[Black "Mariotti, Sergio"]
[Result "1-0"]
[WhiteElo "2620"]
[BlackElo "2440"]
[Annotator "ITA-ISL"]
[PlyCount "79"]
[EventDate "1988.11.13"]

1. c4 e5 2. Nc3 Nf6 3. Nf3 d6 4. d4 Nbd7 5. e4 g6 6. Be2 Bg7 7. O-O h6 8. d5 g5
9. Ne1 Nf8 10. Nd3 Ng6 11. g3 Bh3 12. Re1 Bd7 13. c5 O-O 14. Qb3 Nxe4 15. Nxe4
f5 16. Nc3 e4 17. Bh5 Be8 18. cxd6 cxd6 19. Nb4 Ne5 20. Be2 Bg6 21. Nb5 f4 22.
Nd4 Qf6 23. gxf4 gxf4 24. Qh3 Nd3 25. Bxd3 Qxd4 26. Qe6+ Kh7 27. Rxe4 Bxe4 28.
Qxe4+ Qxe4 29. Bxe4+ Kh8 30. Nd3 Rae8 31. f3 Bd4+ 32. Kh1 Be3 33. Bxe3 fxe3 34.
Re1 Rc8 35. Rxe3 Rc2 36. Re1 Rg8 37. Rg1 Rxg1+ 38. Kxg1 Kg7 39. h3 Kf6 40. Kf1
1-0

[Event "XXVIII Olimpiadi"]
[Site "Salonicco GRE"]
[Date "1988.11.26"]
[Round "12.2"]
[White "Braga, Fernando Alberto"]
[Black "Arnason, Jon L."]
[Result "1-0"]
[WhiteElo "2430"]
[BlackElo "2535"]
[Annotator "ITA-ISL"]
[PlyCount "81"]
[EventDate "1988.11.13"]

1. d4 Nf6 2. Nf3 e6 3. Bf4 c5 4. e3 Nc6 5. Nbd2 Be7 6. h3 O-O 7. c3 b6 8. Bd3
Bb7 9. O-O d6 10. Qe2 Re8 11. a3 Qc7 12. e4 cxd4 13. cxd4 e5 14. d5 exf4 15.
Rac1 Bd8 16. dxc6 Bc8 17. Rfe1 a6 18. a4 Ra7 19. Nd4 Qe7 20. N2f3 Bc7 21. Qd2
Nh5 22. Bc4 Qf6 23. Nf5 Ra8 24. Rcd1 Rd8 25. Bd5 h6 26. b4 Kh7 27. Nh2 Be6 28.
Qc2 Kh8 29. Ng4 Qg5 30. Qc3 Kh7 31. Qf3 Re8 32. Bxe6 Rxe6 33. Rd5 Nf6 34. Nxf6+
Qxf6 35. Qxf4 Qc3 36. Re3 Qxb4 37. Nxg7 Kxg7 38. Rf5 Rf8 39. Rg3+ Kh8 40. Rxf7
Qb1+ 41. Kh2 1-0

[Event "XXVIII Olimpiadi"]
[Site "Salonicco GRE"]
[Date "1988.11.26"]
[Round "12.3"]
[White "Petursson, Margeir"]
[Black "D'Amore, Carlo"]
[Result "1-0"]
[WhiteElo "2530"]
[BlackElo "2415"]
[Annotator "ITA-ISL"]
[PlyCount "75"]
[EventDate "1988.11.13"]

1. d4 Nf6 2. c4 c5 3. d5 d6 4. Nc3 g6 5. e4 Bg7 6. Be2 O-O 7. Bg5 b5 8. cxb5 a6
9. a4 Qa5 10. Bd2 axb5 11. Bxb5 Ba6 12. Nge2 Bxb5 13. Nxb5 Qb6 14. Nec3 Na6 15.
O-O Nb4 16. Bg5 Rfe8 17. b3 Nd7 18. Kh1 h6 19. Be3 e6 20. Rc1 Nf6 21. dxe6 Rxe6
22. f3 Rd8 23. Qd2 d5 24. Nxd5 Nbxd5 25. exd5 Rxd5 26. Qf2 Qd8 27. Rfe1 Nd7 28.
Bf4 Rxe1+ 29. Rxe1 Ne5 30. Qe2 Qa5 31. Bg3 Nd3 32. Rf1 Kh7 33. Nd6 Qc3 34. Nxf7
Qxb3 35. Nd6 Qxa4 36. Qe7 Qa6 37. Ne8 Nf2+ 38. Kg1 1-0

[Event "XXVIII Olimpiadi"]
[Site "Salonicco GRE"]
[Date "1988.11.27"]
[Round "13.1"]
[White "Santacruz, Francisco"]
[Black "Mariotti, Sergio"]
[Result "0-1"]
[WhiteElo "2330"]
[BlackElo "2440"]
[Annotator "ITA-PAR"]
[PlyCount "80"]
[EventDate "1988.11.13"]

1. Nf3 c5 2. c4 Nc6 3. g3 g6 4. Bg2 Bg7 5. O-O e5 6. Nc3 Nge7 7. d3 O-O 8. a3
d6 9. Rb1 b6 10. b4 Rb8 11. Bd2 h6 12. Ne1 f5 13. f4 Bb7 14. e3 Qd7 15. Nc2 Nd8
16. Nd5 Ne6 17. Bc3 Nxd5 18. cxd5 Nc7 19. e4 Nb5 20. Bb2 exf4 21. gxf4 Bxb2 22.
Rxb2 Qg7 23. Rb3 Nd4 24. Rb1 Ba6 25. Rf2 Rbe8 26. Nxd4 Qxd4 27. b5 Bb7 28. Rc1
a6 29. a4 axb5 30. axb5 Ra8 31. exf5 Rxf5 32. Qg4 Rf6 33. Re1 Bxd5 34. Bxd5+
Qxd5 35. Qh4 Kg7 36. f5 Raf8 37. Re7+ R8f7 38. Rxf7+ Qxf7 39. fxg6 Rxg6+ 40.
Kf1 Rf6 0-1

[Event "XXVIII Olimpiadi"]
[Site "Salonicco GRE"]
[Date "1988.11.27"]
[Round "13.2"]
[White "Braga, Fernando Alberto"]
[Black "Valiente, Cristobal"]
[Result "1-0"]
[WhiteElo "2430"]
[BlackElo "2310"]
[Annotator "ITA-PAR"]
[PlyCount "61"]
[EventDate "1988.11.13"]

1. d4 Nf6 2. Nf3 e6 3. Bf4 b6 4. e3 Bb7 5. Nbd2 Bd6 6. Bg3 O-O 7. Bd3 Nc6 8. c3
Bxg3 9. hxg3 h6 10. Qc2 Qe7 11. O-O-O Rfe8 12. e4 e5 13. d5 Nd8 14. Nc4 d6 15.
Ne3 c6 16. Nh4 cxd5 17. Nhf5 Qf8 18. exd5 e4 19. Bc4 Re5 20. f4 exf3 21. gxf3
b5 22. Bb3 Bc8 23. g4 Nb7 24. g5 Bxf5 25. Nxf5 Nh7 26. f4 Ree8 27. Qg2 Na5 28.
Bc2 Nc4 29. g6 Nf6 30. Rdg1 Ne3 31. gxf7+ 1-0

[Event "XXVIII Olimpiadi"]
[Site "Salonicco GRE"]
[Date "1988.11.27"]
[Round "13.3"]
[White "Arlandi, Ennio"]
[Black "Riego Prieto, Victorio"]
[Result "1-0"]
[WhiteElo "2405"]
[BlackElo "2235"]
[Annotator "ITA-PAR"]
[PlyCount "69"]
[EventDate "1988.11.13"]

1. d4 g6 2. c4 Bg7 3. e4 d6 4. Nc3 Nc6 5. Be3 e5 6. d5 Nd4 7. Nge2 Bg4 8. Qd2
Bxe2 9. Nxe2 Nxe2 10. Bxe2 Nf6 11. f3 O-O 12. c5 b6 13. cxd6 cxd6 14. O-O Nh5
15. Rfc1 f5 16. Rc6 fxe4 17. fxe4 Nf4 18. Ba6 g5 19. Rac1 Qf6 20. Bc8 Qg6 21.
Bf5 Qh5 22. Bxf4 exf4 23. Rxd6 Rae8 24. Rd7 Rxf5 25. exf5 Re2 26. Rc8+ Bf8 27.
Qc3 Re8 28. Rxe8 Qxe8 29. Rxa7 Qe2 30. Ra8 Kf7 31. Rxf8+ Kxf8 32. Qf6+ Ke8 33.
Qe6+ Qxe6 34. dxe6 Ke7 35. a4 1-0

[Event "XXVIII Olimpiadi"]
[Site "Salonicco GRE"]
[Date "1988.11.27"]
[Round "13.3"]
[White "Gamarra Caceres, Carlos"]
[Black "Godena, Michele"]
[Result "1-0"]
[WhiteElo "2300"]
[BlackElo "2430"]
[Annotator "ITA-PAR"]
[PlyCount "67"]
[EventDate "1988.11.13"]

1. d4 e6 2. c4 c5 3. d5 Nf6 4. Nc3 exd5 5. cxd5 d6 6. Nf3 g6 7. Nd2 Nbd7 8. e4
a6 9. a4 Bg7 10. f4 O-O 11. Bd3 Re8 12. O-O Qc7 13. Kh1 c4 14. Nxc4 Nc5 15. e5
dxe5 16. fxe5 Ng4 17. d6 Qc6 18. Be2 Nxe5 19. Nxe5 Bxe5 20. Nd5 Qxd6 21. Nf6+
Bxf6 22. Rxf6 Qxf6 23. Ra3 Bf5 24. Qf1 Rac8 25. g4 Be4+ 26. Bf3 Bd3 27. Qg1
Rcd8 28. Qxc5 Re1+ 29. Kg2 Bf1+ 30. Kg3 Kg7 31. Re3 Qd4 32. Qxd4+ Rxd4 33. Rxe1
Bd3 34. Rd1 1-0

[Event "XXVIII Olimpiadi"]
[Site "Salonicco GRE"]
[Date "1988.11.29"]
[Round "14.1"]
[White "Mariotti, Sergio"]
[Black "Motwani, Paul"]
[Result "1/2-1/2"]
[WhiteElo "2440"]
[BlackElo "2455"]
[Annotator "ITA-SCO"]
[PlyCount "58"]
[EventDate "1988.11.13"]

1. e4 e5 2. Nc3 Nc6 3. Bc4 Nf6 4. d3 Bb4 5. a3 Bxc3+ 6. bxc3 d5 7. exd5 Nxd5 8.
Qf3 Be6 9. Ne2 Qd7 10. Qg3 f6 11. Bb5 O-O-O 12. c4 Nde7 13. Qxg7 Rhg8 14. Bxc6
Nxc6 15. Qxd7+ Rxd7 16. O-O Rdg7 17. g3 h5 18. Bd2 Bh3 19. Rfe1 h4 20. f3 hxg3
21. hxg3 Rh7 22. Kf2 Bd7 23. Rh1 Rgh8 24. Rxh7 Rxh7 25. Kg2 Ne7 26. g4 Ng6 27.
Kg3 f5 28. gxf5 Bxf5 29. Rg1 Kd7 1/2-1/2

[Event "XXVIII Olimpiadi"]
[Site "Salonicco GRE"]
[Date "1988.11.29"]
[Round "14.2"]
[White "McNab, Colin Anderson"]
[Black "Braga, Fernando Alberto"]
[Result "1/2-1/2"]
[WhiteElo "2410"]
[BlackElo "2430"]
[Annotator "ITA-SCO"]
[PlyCount "126"]
[EventDate "1988.11.13"]

1. c4 e5 2. Nc3 Nf6 3. Nf3 Nc6 4. g3 Bc5 5. d3 d6 6. Bg2 h6 7. O-O O-O 8. e3 a6
9. a3 Ba7 10. b4 Be6 11. Qe2 Re8 12. Bb2 Qd7 13. Rac1 Rac8 14. Rfe1 Bh3 15. Qf1
Bxg2 16. Qxg2 Ne7 17. d4 exd4 18. Nxd4 c5 19. Nc2 Ng6 20. Nd5 Nxd5 21. Qxd5 Qc6
22. Qxc6 Rxc6 23. bxc5 dxc5 24. a4 Rb6 25. Bc3 Re4 26. Na3 Rb3 27. f3 Re7 28.
Nb1 Ne5 29. Bxe5 Rxe5 30. Nc3 Ra3 31. f4 Re6 32. Re2 Bb6 33. Nd5 Ba5 34. Rb2 b6
35. Kf2 Rxa4 36. Kf3 Ra3 37. f5 Rd6 38. Ke4 Rd8 39. f6 Re8+ 40. Kf4 Re6 41.
fxg7 Kxg7 42. Rcb1 Ra4 43. Nxb6 Bxb6 44. Rxb6 Rxc4+ 45. Kf5 Rce4 46. Rxe6 Rxe6
47. Rc1 Rc6 48. Rc4 a5 49. Ke4 Rd6 50. Ra4 Re6+ 51. Kd5 Rxe3 52. Rxa5 Re2 53.
Rxc5 Rxh2 54. Ke4 Rf2 55. Rf5 Rxf5 56. Kxf5 Kh7 57. Kf6 Kg8 58. Ke5 Kg7 59. Kf5
f6 60. g4 Kf7 61. Ke4 Kg8 62. Kf5 Kg7 63. Ke4 Kg6 1/2-1/2

[Event "XXVIII Olimpiadi"]
[Site "Salonicco GRE"]
[Date "1988.11.29"]
[Round "14.3"]
[White "D'Amore, Carlo"]
[Black "Thomson, Craig S.M."]
[Result "1-0"]
[WhiteElo "2415"]
[BlackElo "2340"]
[Annotator "ITA-SCO"]
[PlyCount "76"]
[EventDate "1988.11.13"]

1. Nf3 Nf6 2. c4 e6 3. g3 d5 4. Bg2 dxc4 5. Qa4+ Nbd7 6. Qxc4 c5 7. O-O a6 8.
Qc2 Ra7 9. d4 b5 10. e4 cxd4 11. e5 Rc7 12. Qe2 Nd5 13. Nxd4 Bb7 14. Nd2 Bc5
15. N4f3 Qa8 16. Nb3 Bb6 17. Bd2 O-O 18. Na5 Bxa5 19. Bxa5 N5b6 20. Rad1 Bd5
21. b3 Rfc8 22. Rxd5 Qxd5 23. Ng5 Qc5 24. Qh5 Nf8 25. b4 Qd4 26. Nf3 Qe4 27.
Bxb6 Rc1 28. Qxf7+ Kh8 29. Bc5 Rxf1+ 30. Bxf1 Ng6 31. Qxe6 Qc6 32. Qxc6 Rxc6
33. Nd4 Rc8 34. f4 Kg8 35. Bh3 Rd8 36. Be6+ Kh8 37. Bf7 Nf8 38. Bxf8 Rxd4 1-0

[Event "XXVIII Olimpiadi"]
[Site "Salonicco GRE"]
[Date "1988.11.29"]
[Round "14.4"]
[White "Upton, Timothy J."]
[Black "Arlandi, Ennio"]
[Result "0-1"]
[WhiteElo "2265"]
[BlackElo "2405"]
[Annotator "ITA-SCO"]
[PlyCount "70"]
[EventDate "1988.11.13"]

1. e4 e5 2. Nf3 Nf6 3. Nxe5 d6 4. Nf3 Nxe4 5. Nc3 Nxc3 6. bxc3 g6 7. d4 Bg7 8.
Bd3 O-O 9. O-O c5 10. Bg5 Qc7 11. Qd2 Nc6 12. Bh6 Bg4 13. Bxg7 Kxg7 14. Ng5
cxd4 15. cxd4 d5 16. h3 Bd7 17. c4 dxc4 18. Bxc4 Rad8 19. Nxf7 Rxf7 20. Bxf7
Kxf7 21. d5 Na5 22. d6 Qc5 23. Rac1 Qb6 24. Rfe1 Nc6 25. Qh6 Qb4 26. Qxh7+ Kf6
27. Re7 Qxd6 28. Qf7+ Kg5 29. h4+ Kxh4 30. Rc4+ Kg5 31. Re3 Qd1+ 32. Kh2 Rh8+
33. Kg3 Bf5 34. Rf4 Qd6 35. Ref3 Ne5 0-1